| 000 | 01209nam a22003137a 4500 | ||
|---|---|---|---|
| 005 | 20160614110833.0 | ||
| 010 | _a1516EN07 B-599154-165 ENG-115282 | ||
| 020 |
_a9788126555475 _c699.00 |
||
| 035 | _aB-599154-165 | ||
| 035 | _aEN-98814 | ||
| 037 |
_bAsian Book Centre/Ven _adpl |
||
| 037 | _bDBAD/PUB | ||
| 082 | _a005.54 | ||
| 100 | _aUrtis,Tom | ||
| 245 |
_aExcel VBA : _cby Tom Urtis _b24-hour trainer/ |
||
| 246 | _a Excel Visual Basic Applications : twenty-four hour trainer | ||
| 250 | _a2nd ed | ||
| 260 |
_aNew Delhi _bWiley India _c2015 |
||
| 270 |
_a4435-36/7, Ansari Road, Daryaganj, _bNew Delhi _e110002 |
||
| 300 |
_axxxi,460p. : _c24cm(pbk) _bill. |
||
| 500 | _aIncludes index | ||
| 520 | _aPresents information on using Microsoft's Visual Basic for Applications (VBA) programming language to customize the spreadsheet program Excel. | ||
| 650 | _aElectronic spreadsheets. | ||
| 650 |
_aBusiness _xComputer programs. |
||
| 650 | _aSpreadsheet software. | ||
| 650 |
_aBusiness _xComputer software. |
||
| 942 |
_2ddc _cEN _h005.54 _mURT |
||
| 999 |
_c96355 _d96355 |
||